| 000 | 00360nam a22001337a 4500 | ||
|---|---|---|---|
| 020 | _a978-81-7855-536-2 | ||
| 082 |
_a510 _bSAR/S |
||
| 100 | _aC.S.SARNA, R.G.GUPTA, P.K.GARG | ||
| 245 |
_aSECONDARY MATHEMATICS _bFIRST AND SECOND TERM OF CLASS X |
||
| 260 |
_aDELHI _bARYA PUBLICATIOBNS _c2010 |
||
| 300 | _a264 | ||
| 650 |
_aMATHS FOR CLASS X _zINDIA |
||
| 942 | _cBK | ||
| 999 |
_c753 _d753 |
||